000 00846nam a2200253 i 4500
001 17805
003 ES-MaACL
005 20250830220305.0
007 t|
008 010529s1993 sp ||||1| spa d
020 _a84-7954-128-8
080 _a327(73)"19"
100 1 _aChomsky, Noam,
_d1928-
_938607
245 1 0 _aAño 501
_b: la conquista continúa /
_cNoam Chomsky ; traducción de Loreto Bravo de Urquía.
250 _a1ª ed. en castellano.
260 _aMadrid :
_bLibertarias/Prodhufi,
_c1993.
300 _a444 p. ;
_c20 cm.
490 1 _aEnsayo (Libertarias/Prodhufi) ;
_v63
651 4 _aEstado Unidos-
_xPolítica exterior-
_yS.XX
_98534
700 1 _aBravo de Urquía, Loreto.
_931476
830 0 _aEnsayo (Libertarias/Prodhufi) ;
_v63
_9180227
852 _aES-MaACL
_jL-24680
_bR.129598
999 _c17805
_d17805